Score 0/20 Timer 06:00
6 Plays Today
% Correct
Opera (Sydney Opera House / The Phantom of the Opera)
91%
Road (Abbey Road / Road Runner)
90%
Venus (Venus Flytrap / Venus de Milo)
87.1%
Benedict (Eggs Benedict / Benedict Cumberbatch)
86.4%
Polo (Water Polo / Marco Polo)
86.3%
Fox (Michael J. Fox / Fox McCloud)
85.6%
Modern (Museum of Modern Art / Modern Family)
83.9%
Jack (Union Jack / Jack Russell Terrier)
80.9%
Magic (Magic Johnson / The Magic School Bus)
78.6%
Who (Guess Who? / Who Framed Roger Rabbit)
68.7%
% Correct
Red (The Hunt for Red October / Boston Red Sox)
68.2%
Jefferson (Jefferson Airplane / Thomas Jefferson)
66.2%
Salvador (El Salvador / Salvador Dalí)
66%
Falcon (Captain Falcon / Millennium Falcon)
64.1%
Green (Green Eggs and Ham / Tom Green)
61.5%
Sierra (Sierra Leone / Sierra Nevada)
55.7%
Joy (Joy Behar / Almond Joy)
55.4%
Street (21 Jump Street / Street Fighter II)
54.9%
Ghost (Ghost Rider / Ghost Pepper)
52.1%
Khalifa (Wiz Khalifa / Burj Khalifa)
45.4%
Remove Ads.
Support Sporcle.
Get the best of Sporcle when you Go Orange. This ad-free experience offers more features, more stats, and more fun while also helping to support Sporcle. Thank you for becoming a member.

You're not logged in!

Compare scores with friends on all Sporcle quizzes.
OR
Log In

Show Comments

Extras

Top Quizzes Today


Score Distribution

Your Account Isn't Verified!

In order to create a playlist on Sporcle, you need to verify the email address you used during registration. Go to your Sporcle Settings to finish the process.

Report this User

Report this user for behavior that violates our Community Guidelines.

Details: